UM Logo

Property valuation / (Record no. 19315)

MARC details
000 -LEADER
fixed length control field 00596nam a22001817a 4500
008 - FIXED-LENGTH DATA ELEMENTS--GENERAL INFORMATION
fixed length control field 240223b ||||| |||| 00| 0 eng d
020 ## - INTERNATIONAL STANDARD BOOK NUMBER
International Standard Book Number 9781119767411
082 ## - DEWEY DECIMAL CLASSIFICATION NUMBER
Classification number DC 333.332
Item number W97 2023
100 ## - MAIN ENTRY--PERSONAL NAME
Personal name Wyatt, Peter.
9 (RLIN) 53152
245 ## - TITLE STATEMENT
Title Property valuation /
Statement of responsibility, etc. Peter Wyatt.
250 ## - EDITION STATEMENT
Edition statement Third edition.
260 ## - PUBLICATION, DISTRIBUTION, ETC. (IMPRINT)
Place of publication, distribution, etc. New Jersey, NJ :
Name of publisher, distributor, etc. John Wiley & Sons Ltd.,
Date of publication, distribution, etc. ©2023.
300 ## - PHYSICAL DESCRIPTION
Extent x, 540 pages :
Other physical details illustrations ;
Dimensions 24 cm.
500 ## - GENERAL NOTE
General note Includes references, appendix, glossary and index.
650 ## - SUBJECT ADDED ENTRY--TOPICAL TERM
Topical term or geographic name as entry element Valuation.
9 (RLIN) 53153
650 ## - SUBJECT ADDED ENTRY--TOPICAL TERM
Topical term or geographic name as entry element Real property
General subdivision Valuation.
9 (RLIN) 31217
942 ## - ADDED ENTRY ELEMENTS (KOHA)
Source of classification or shelving scheme Dewey Decimal Classification
Koha item type Circulation
Holdings
Withdrawn status Lost status Source of classification or shelving scheme Damaged status Not for loan Collection code Home library Current library Date acquired Source of acquisition Cost, normal purchase price Total Checkouts Full call number Barcode Date last seen Price effective from Koha item type
    Dewey Decimal Classification     Circulation UM Digos College - LIC UM Digos College - LIC 07/19/2023 Purchased 7948.00   DC 333.332 W97 2023 27996 05/15/2025 02/23/2024 Circulation